| 000 | 00669nam a22002057a 4500 | ||
|---|---|---|---|
| 003 | OSt | ||
| 005 | 20170706214045.0 | ||
| 008 | 170706b xxu||||| |||| 00| 0 eng d | ||
| 020 | _a0820564753 (perfectbound : alk. paper) | ||
| 040 |
_aLDCLIB _cLDCLIB |
||
| 082 | 0 | 0 |
_a347.017 _222 _bSLO |
| 100 | 1 |
_aSlocum, Robin Wellford. _996 |
|
| 245 | 1 | 0 |
_aLegal Reasoning, Writing, and Persuasive Argument / _cRobin Wellford Slocum. |
| 260 |
_aNewark, NJ : _bLexisNexis, _cc2006. |
||
| 300 |
_axxx, 730 p. ; _c25 cm. |
||
| 504 | _aIncludes bibliographical references and index. | ||
| 650 | 0 |
_aLegal composition. _939 |
|
| 650 | 0 |
_aLaw _zUnited States _xMethodology. _997 |
|
| 942 |
_2ddc _cBK |
||
| 999 |
_c33 _d33 |
||